书目信息 |
| 题名: |
社会主义时期阶级和阶级斗争问答
|
|
| 作者: | 孙育成 , 笪振斌 , 凌雨轩 著 | |
| 分册: | ||
| 出版信息: | 石家庄 河北人民出版社 1980.11 |
|
| 页数: | 82页 | |
| 开本: | 19cm | |
| 丛书名: | ||
| 单 册: | ||
| 中图分类: | D01 | |
| 科图分类: | ||
| 主题词: | 阶级斗争--理论 , 阶级--理论 | |
| 电子资源: | ||
| ISBN: | ||
| 000 | 00667nam0 2200229 45 | |
| 001 | 0305271504 | |
| 005 | 20060522144436.76 | |
| 010 | @dCNY0.21 | |
| 091 | @a3086.848 | |
| 100 | @a20030527d1980 km y0chiy0120 ea | |
| 101 | 0 | @achi |
| 200 | 1 | @a社会主义时期阶级和阶级斗争问答@AShe Hui Zhu Yi Shi Qi Jie Ji He Jie Ji Dou Zheng Wen Da@f凌雨轩,孙育成,笪振斌著@FLing Yu Xuan,Sun Yu Cheng,Da Zhen Bin Zhu |
| 210 | @a石家庄@c河北人民出版社@d1980.11 | |
| 215 | @a82页@d19cm | |
| 606 | 0 | @a阶级斗争@x理论 |
| 606 | 0 | @a阶级@x理论 |
| 690 | @aD01@v3 | |
| 701 | 0 | @a孙育成@4著 |
| 701 | 0 | @a笪振斌@4著 |
| 701 | 0 | @a凌雨轩@4著 |
| 801 | @aCN@bTSTC@c20060522 | |
| 905 | @dD01@e2 | |
| 社会主义时期阶级和阶级斗争问答/凌雨轩,孙育成,笪振斌著.-石家庄:河北人民出版社,1980.11 |
| 82页;19cm |
| ISBN :CNY0.21 |
| ● |
| 相关链接 |
|
|
|
|
正题名:社会主义时期阶级和阶级斗争问答
索取号:D01/2
 
预约/预借
| 序号 | 登录号 | 条形码 | 馆藏地/架位号 | 状态 | 备注 |
| 1 | 0036560 | 202363325 | 密集书库/ [索取号:D01/2] | 在馆 | |
| 2 | 0036561 | 001794909 | 密集书库/ [索取号:D01/2] | 在馆 |